header

The practice of politics in Safavid Iran (Record no. 97619)

MARC details
000 -LEADER
fixed length control field 01238nam a2200313Ia 4500
082 04 - DEWEY DECIMAL CLASSIFICATION NUMBER
Classification number 955.03
100 1# - MAIN ENTRY--AUTHOR NAME
Personal name Mitchell, Colin Paul.
245 14 - TITLE STATEMENT
Title The practice of politics in Safavid Iran
260 ## - PUBLICATION, DISTRIBUTION, ETC. (IMPRINT)
Place of publication London :
Name of publisher Tauris Academic Studies,
Year of publication c2009.
300 ## - PHYSICAL DESCRIPTION
Number of Pages xii, 292 p.
650 #0 - SUBJECT ADDED ENTRY--TOPICAL TERM
Topical Term History.
856 40 - ELECTRONIC LOCATION AND ACCESS
Uniform Resource Identifier http://site.ebrary.com/lib/rucke/Doc?id=10377916

No items available.

© 2026 Rongo University
Contact us: librarian | system librarian | Rongo university